Normal view
MARC view
Entry Personal Name
001 - CONTROL NUMBER
- control field: 2391
003 - CONTROL NUMBER IDENTIFIER
- control field: BD-SpBAUS
005 - DATE AND TIME OF LATEST TRANSACTION
- control field: 20260219104035.0
008 - FIXED-LENGTH DATA ELEMENTS
- fixed length control field: 260219|| aca||aabn | a|a d
040 ## - CATALOGING SOURCE
- Original cataloging agency: BD-SpBAUS
- Transcribing agency: BD-SpBAUS
100 ## - HEADING--PERSONAL NAME
- Personal name: Jain, A. K
670 ## - SOURCE DATA FOUND
- Source citation: Work cat.: (BD-SpBAUS)970: Shetty, M. S. 2388, Concrete Technology :, 1982 {Reprint 2023].
